01024nam a22002177a 450000500170000000800410001702000230005804000140008104100080009508200250010310000270012824500250015526000620018030000430024250002170028565000560050270000390055894200560059799900190065395201340067220231220104524.0231220b sa a|||| |||| 00| 0 XHO d a9781869142674qhbk ardac3228 2XHO 223aXHO J 398.2 MHLO aMlhophe, Gcina9185321 aIintsomi Zase-Afrika aPietermaritzburgbUniversity of KwaZulu-Natal Pressc2014 a55 pagesbcolour illustrationsc28.5cm aTranslated into Xhosa from the English of: Stories of Africa. "Most of the stories in this book are taken from well-known traditional tales ..."--Author's note, Stories of Africa. University of Natal Press, 2003 afolklore; children stories; zSouth Africa9185322 aMagona, SindiweeTranslator964248 2ddccBOOKw175xNaomi Mtsimaney175zNaomi Mtsimane c761396d761395 00102ddc40708300aSTANRLbBALFLcCHILDd2023-12-20g160.00l0oXHO J 398.2 MHLOp33228031013385r2023-12-20w2023-12-20yBOOK